01557nam a2200277 a 450000100100000000500170001000800410002704000250006808200200009310000390011324500670015226000940021930000200031350002790033350000430061258600830065559000260073865000280076465000310079270000250082391000420084895201300089095201180102095201240113899900170126200001347020240412074239.0091125s2001 mx r 000 p spa d aDO-SdBNPbspacBNPHU aRD861.44bM632d1 aMieses, Juan Carlos,d1947-92547210aDesde las islas /cJuan Carlos Mieses; prólogo T. S. Elliot. aChetumal, Quintana Roo :bGobierno del Estado Libre y el Soberano de Quintana Roo,c2001. a79 p. ;c21 cm. aIII Premio Internacional de Poesía Caribeña ¨Nicolás Guillén¨ 2001. Convocado por la Unión Nacional de Escritores y Artistas de Cuba, el Instituto Quitanarroense de Cultura, el H. Ayuntamiento de Othón Blanco y la Fundación Nicolás Guillén.-- En portada. aIncluye datos biográficos del autor. aIII Premio Internacional de Poesía Caribeña ¨Nicolás Guillén¨, 2001. aInventariado, 2018/BT 0aPoesía dominicana966 0aLiteratura dominicana.9671 aElliot, T. S.930780 aValidado. Control de calidad. MMOLINA 001054708MOaGRbGRcHDd2009-11-25iLF1l0oRD861.44 M632dp13470-30r2020-06-25te. 3w2020-06-25y4ZPréstamo en sala 001050718MOaPDbPDcHDd2009-11-25iLF1l0oRD861.44 M632dp13470-10r2020-06-25w2020-06-25y1ZNo se presta 001050718MOaPDbPDcHDd2009-11-25iLF1l0oRD861.44 M632dp13470-20r2020-06-25te. 2w2020-06-25y1ZNo se presta c13094d13094